[Event "Nittenau-ch 14th"]
[Site "Nittenau"]
[Date "2014.09.07"]
[Round "5"]
[White "Grohmann, Klaus"]
[Black "Fritsch, Julian"]
[Result "0-1"]
[WhiteElo "1209"]
[BlackElo "1466"]
[PlyCount "66"]
[EventDate "2014.09.05"]
[EventType "swiss"]
[EventRounds "5"]
[EventCountry "GER"]
[SourceTitle "CBM 162 Extra"]
[Source "ChessBase"]
[SourceDate "2014.10.17"]
[SourceVersion "1"]
[SourceVersionDate "2014.10.17"]
[SourceQuality "1"]

1. e4 d6 2. Nc3 Nf6 3. Nf3 g6 4. d4 Bg7 5. g3 0-0 6. Bg2 c5 7. dxc5 dxc5 8. 0-0 Bg4 9. h3 Bxf3 10. Qxf3 Nc6 11. Be3 Nd4 12. Bxd4 cxd4 13. Ne2 e5 14. Rfd1 Qb6 15. b3 Rac8 16. c3 dxc3 17. Nxc3 Qb4 18. Nd5 Nxd5 19. exd5 e4 20. Qxe4 Qxe4 21. Bxe4 Bxa1 22. Rxa1 f5 23. Bf3 Rc3 24. Kg2 Rd3 25. Be2 Rd2 26. Bc4 Kh8 27. a4 Rd8 28. Re1 a6 29. a5 Ra2 30. d6 Rxa5 31. d7 Rxd7 32. Re8+ Kg7 33. Rg8+ Kh6 0-1